02237nam a2200433 a 4500001001200000003000800012006001900020007001500039008004100054010001700095020003100112020002800143040002100171035002100192043002100213050003000234082001800264100002600282245011800308260005400426300002500480504006400505520034100569533015200910600003501062650003401097650007301131650006001204650008401264650005201348650005701400650005401457651005401511651004901565655002901614710001701643856012601660999001701786ebr10277767CaPaEBRm u cr cn|||||||||080211s2008 moua sb s001 0beng  z 2008006204 z9780826217868 (alk. paper) z0826217869 (alk. paper) aCaPaEBRcCaPaEBR a(OCoLC)646208899 an-us---an-us-ny14aE185.97.W1344bC87 2008eb04a070.92aB2221 aCurtis, Susan,d1956-10aColored memoriesh[electronic resource] :ba biographer's quest for the elusive Lester A. Walton /cSusan Curtis. aColumbia :bUniversity of Missouri Press,cc2008. axiii, 290 p. :bill. aIncludes bibliographical references (p. 273-283) and index. a"Explores the life of African American Lester A. Walton whose illustrious career spanned the first six decades of the twentieth century but who is now forgotten. Curtis explores the failure of collective memory and America's obsession with race as she explains how she discovered Walton and his place in history"--Provided by publisher. aElectronic reproduction.bPalo Alto, Calif. :cebrary,d2013.nAvailable via World Wide Web.nAccess may be limited to ebrary affiliated libraries.10aWalton, Lester A.,d1882-1965. 0aAfrican AmericansvBiography. 0aAfrican American journalistszNew York (State)zNew YorkvBiography. 0aTheater criticszNew York (State)zNew YorkvBiography. 0aAfrican AmericanszNew York (State)zNew YorkxIntellectual lifey20th century. 0aAfrican AmericansxRace identityvCase studies. 0aMemoryxSocial aspectszUnited StatesvCase studies. 0aBiographyxResearchzUnited StatesvCase studies. 0aNew York (N.Y.)xIntellectual lifey20th century. 0aUnited StatesxRace relationsvCase studies. 7aElectronic books.2local2 aebrary, Inc.40uhttp://site.ebrary.com/lib/rucke/Doc?id=10277767zAn electronic book accessible through the World Wide Web; click to view c19779d19779